神戸空港から路線のある空港 - Statistics

General Stats
  • This quiz has been taken 189 times
    118 since last reset
  • The average score is 11 of 13
Answer Stats
Answer % Correct
新千歳
97%
東京国際
97%
那覇
96%
仙台
92%
鹿児島
89%
青森
88%
長崎
86%
新潟
82%
茨城
81%
花巻
76%
下地島
74%
松本
73%
高知
56%
No matching quizzes found
Score Distribution
Percent of People with Each Score
Percentile by Number Answered
Your Score History
You have not taken this quiz since the last reset